000 00845nam a2200217Ia 4500
003 0
005 20250127124430.0
008 150126s9999 xx 000 0 und d
050 _aPHS PN 1995.5
_b.So689 2014
100 _aSolomon, Elmyra Harrietta Ong.
245 4 _aThe influence of movie types on the values and morals of Southville students /
_cElmyra Harrietta Ong Solomon.
260 _aLas PiƱas City, Philippines :
_bSouthville International School and Colleges,
_c2014.
300 _a25 pages :
_billustration ;
_c28 cm.
504 _aIncludes bibliographical references.
650 _aMotion pictures
_vSocial aspects.
650 _aMotion pictures
_vMoral and ethical aspects.
650 _aMoral development
_vAdolescents.
650 _aMovies
_vInfluence on youth.
650 _aAdolescents and mass media.
942 _2lcc
_cPASS
999 _c278684
_d278684